Online
Catalog

Paisajes despues de la batalla / (Record no. 7712)

MARC details
000 -CABECERA
campo de control de longitud fija 00802cam a2200241 a 4500
001 - NÚMERO DE CONTROL
campo de control 000007934
005 - FECHA Y HORA DE LA ÚLTIMA TRANSACCIÓN
campo de control 20200929154345.0
008 - DATOS DE LONGITUD FIJA--INFORMACIÓN GENERAL
campo de control de longitud fija 920716s1990 sp b 001 1 spa
020 ## - NÚMERO INTERNACIONAL ESTÁNDAR DEL LIBRO
Número Internacional Estándar del Libro 8423972186
040 ## - FUENTE DE LA CATALOGACIÓN
Centro catalogador/agencia de origen DO-SdBNP
Centro/agencia modificador BNPHU
082 ## - NÚMERO DE LA CLASIFICACIÓN DECIMAL DEWEY
Número de clasificación 863.64
Número de documento/Ítem G724p
100 1# - ENTRADA PRINCIPAL--NOMBRE DE PERSONA
Nombre de persona Goytisolo, Juan.
9 (RLIN) 3544
245 10 - MENCIÓN DE TÍTULO
Título Paisajes despues de la batalla /
Mención de responsabilidad, etc. Juan Goytisolo ; edición, Andrés Sánchez Robayna.
260 ## - PUBLICACIÓN, DISTRIBUCIÓN, ETC.
Lugar de publicación, distribución, etc. Madrid :
Nombre del editor, distribuidor, etc. Espasa Calpe,
Fecha de publicación, distribución, etc. c1990.
300 ## - DESCRIPCIÓN FÍSICA
Extensión 236 p. ;
Dimensiones 18 cm.
490 1# - MENCIÓN DE SERIE
Mención de serie Austral ;
Designación de volumen o secuencia 218.
Mención de serie Literatura
504 ## - NOTA DE BIBLIOGRAFÍA, ETC.
Nota de bibliografía, etc. Incluye referencia bibliográfica (p. [31]-35).
650 #4 - PUNTO DE ACCESO ADICIONAL DE MATERIA--TÉRMINO DE MATERIA
Término de materia o nombre geográfico como elemento de entrada Novela española
9 (RLIN) 1123
650 #4 - PUNTO DE ACCESO ADICIONAL DE MATERIA--TÉRMINO DE MATERIA
Término de materia o nombre geográfico como elemento de entrada Literatura española
9 (RLIN) 632
700 1# - PUNTO DE ACCESO ADICIONAL--NOMBRE DE PERSONA
Nombre de persona Sánchez Robayna, Andrés,
Término indicativo de función/relación ed.
9 (RLIN) 21733
830 #0 - PUNTO DE ACCESO ADICIONAL DE SERIE-TÍTULO UNIFORME
Título uniforme Austral ;
Designación de volumen o secuencia 218
Nombre de parte o sección de la obra Literatura
9 (RLIN) 21451
910 ## - DATOS DE OPCIÓN DEL USUARIO (OCLC)
Datos de opción del usuario Catalogación derivada
Holdings
Estado de retiro Estado de pérdida Restricciones de uso No para préstamo Código de colección Localización permanente Ubicación/localización actual Ubicación en estantería Fecha de adquisición Número de inventario Total de préstamos Signatura topográfica completa Código de barras Fecha visto por última vez Precio válido a partir de Tipo de ítem Koha
    Préstamo interno   Monografías: Libros y Folletos General General En catalogación 11.09.2009 LF1   863.64 G724p 7934-10 25.06.2020 25.06.2020 Préstamo interno

Powered by Koha